[Event "Montigny le Bretonneux op 25th"]
[Site "Montigny le Bretonneux"]
[Date "2023.05.20"]
[Round "4"]
[White "Orfila, Leila"]
[Black "Bouloc, Roger"]
[Result "0-1"]
[WhiteElo "1009"]
[BlackElo "1357"]
[PlyCount "50"]
[EventDate "2023.05.18"]
[EventType "swiss"]
[EventRounds "9"]
[EventCountry "FRA"]
[SourceTitle "CBM 214 Extra"]
[Source "ChessBase"]
[SourceDate "2023.07.31"]
[SourceVersion "1"]
[SourceVersionDate "2023.07.31"]
[SourceQuality "1"]

1. e4 c5 2. e5 Nc6 3. Nf3 d6 4. Bb5 Bd7 5. 0-0 Nxe5 6. Nxe5 Bxb5 7. d3 dxe5 8. Nc3 Bc6 9. Ne2 Qd5 10. f3 e6 11. Nc3 Qd4+ 12. Rf2 Bd6 13. Ne4 Bxe4 14. fxe4 Qa4 15. Bg5 f6 16. Bh4 c4 17. dxc4 Bc5 18. Qf3 Bxf2+ 19. Qxf2 0-0-0 20. g4 Ne7 21. g5 Qxc4 22. gxf6 gxf6 23. Bxf6 Rhg8+ 24. Kh1 Qxe4+ 25. Qg2 Qxg2# 0-1